000
00369nam a2200133Ia 4500
008
151001s9999||||xx |||||||||||||| ||und||
100
_a
निलीमाकुमार खैरे
245
_a
साप
250
_a
4
260
_b
"ज्योत्स्ना प्रकाशन ,मुंबई"
260
_c
2013
300
_a
103
365
_b
21
999
_c
1002045
_d
1002042